Readings in Philippine history / Minsoware S. Bacolod [and three others]. (Record no. 21316)

000 -LEADER
fixed length control field 00508nam a22001457a 4500
020 ## - INTERNATIONAL STANDARD BOOK NUMBER
ISBN 9786214271641
082 ## - DEWEY DECIMAL CLASSIFICATION NUMBER
Classification number 959.9
Item number B1281 2023
100 ## - MAIN ENTRY--AUTHOR NAME
Personal name Bacolod, Minsoware S., author
245 ## - TITLE STATEMENT
Title Readings in Philippine history / Minsoware S. Bacolod [and three others].
260 ## - PUBLICATION, DISTRIBUTION, ETC. (IMPRINT)
Place of publication Manila :
Name of publisher Unlimited Books Library Services & Publishing Inc.,
Year of publication ©2023.
300 ## - PHYSICAL DESCRIPTION
Number of Pages x, 170 pages :
Other physical details illustrations ; 26 cm
500 ## - GENERAL NOTE
General note Includes bibliographical references.
650 ## - SUBJECT ADDED ENTRY--TOPICAL TERM
Topical Term Philippines -- History.
942 ## - ADDED ENTRY ELEMENTS (KOHA)
Koha item type Books
Holdings
Source of acquisition Permanent Location Date acquired Koha item type Collection code Accession Number Lost status Shelving location Withdrawn status Current Location Full call number
SchoolCagayan State University - Carig Library2025-08-29BooksFilipiniana011102 Filipiniana Section Cagayan State University - Carig Library959.9 B1281 2023
SchoolCagayan State University - Carig Library2025-08-29BooksFilipiniana011103 Filipiniana Section Cagayan State University - Carig Library959.9 B1281 2023
SchoolCagayan State University - Carig Library2025-08-29BooksFilipiniana011104 Filipiniana Section Cagayan State University - Carig Library959.9 B1281 2023

Cagayan State University University Library, Carig Campus
Tuguegarao City, Cagayan 3500 | www.csucarig.edu.ph

Powered by Koha